书目信息 |
| 题名: |
外国文学
|
|
| 作者: | 牛庸懋 编 | |
| 分册: | 下册 | |
| 出版信息: | 郑州 河南教育出版社 1986 |
|
| 页数: | 373~907页 | |
| 开本: | 20cm | |
| 丛书名: | ||
| 单 册: | ||
| 中图分类: | I1 | |
| 科图分类: | ||
| 主题词: | 文学--世界 | |
| 电子资源: | ||
| ISBN: | ||
| 000 | 00642nam0 2200253 45 | |
| 001 | 0186006846 | |
| 005 | 20040429101631.5 | |
| 010 | @dCNY3.15 | |
| 091 | @a7356.153 | |
| 100 | @a19951101d1986 em y0chiy0121 ea | |
| 101 | 0 | @achi |
| 102 | @aCN@b410000 | |
| 105 | @ay z 000yy | |
| 106 | @ar | |
| 200 | 10 | @a外国文学@h下册@Awai guo wen xue@f牛庸懋等编 |
| 210 | @a郑州@c河南教育出版社@d1986 | |
| 215 | @a373~907页@d20cm | |
| 300 | @a大专文科教材 | |
| 606 | 0 | @a文学@x世界 |
| 690 | @aI1 | |
| 701 | 0 | @a牛庸懋@4编@Aniu yong mao |
| 801 | 0 | @aCN@b深圳图书馆@c20040429 |
| 801 | 2 | @aCN@bNLC@c20040429 |
| 905 | @f4@b254613-616@dI1@e20:2 | |
| 外国文学.下册/牛庸懋等编.-郑州:河南教育出版社,1986 |
| 373~907页;20cm |
| 大专文科教材 |
| ISBN :CNY3.15 |
| ● |
| 相关链接 |
|
|
|
|
正题名:外国文学
索取号:I1/20:2
 
预约/预借
| 序号 | 登录号 | 条形码 | 馆藏地/架位号 | 状态 | 备注 |
| 1 | 0254612 | 000910198 | 第一样本阅览室/ [索取号:I1/20:2] | 在馆 | |
| 2 | 0254613 | 000910189 | 第二借阅区/ [索取号:I1/20:2] | 在馆 | |
| 3 | 0254614 | 000910205 | 第二借阅区/ [索取号:I1/20:2] | 在馆 | |
| 4 | 0254615 | 000910134 | 第二借阅区/ [索取号:I1/20:2] | 在馆 | |
| 5 | 0254616 | 000910143 | 第二借阅区/ [索取号:I1/20:2] | 在馆 |